000 00545nam a2200157 i 4500
001 44463
003 ES-MaACL
005 20230906161033.0
007 t|
008 030321s1889 sp ||||1| spa d
245 0 0 _aCódigo civil español
_b: según la novísima edición oficial /
_canotado y concordado con la anterior legislación por Manuel de Bofarull.
260 _aMadrid :
_b[s.n.],
_c1889 (
_fA. Pérez Dubrull)
300 _aXXXXVII, 936 p. ;
_c24 cm.
700 1 _aBofarull, Manuel de (
_dn. 1852)
_929764
852 _aES-MaACL
_jG-15208
999 _c44463
_d44463